A guy's guide to great eating
שמור ב:
| מחבר ראשי: | |
|---|---|
| פורמט: | ספר |
| שפה: | Undetermined |
| יצא לאור: |
Boston
Houghton Mifflin
1999
|
| נושאים: | |
| תגים: |
הוספת תג
אין תגיות, היה/י הראשונ/ה לתייג את הרשומה!
|
| Thư viện lưu trữ: | Trung tâm Học liệu Trường Đại học Cần Thơ |
|---|
| LEADER | 00515nam a2200193Ia 4500 | ||
|---|---|---|---|
| 001 | CTU_109553 | ||
| 008 | 210402s9999 xx 000 0 und d | ||
| 082 | |a 641.5973 | ||
| 082 | |b M448 | ||
| 100 | |a Mauer, Don | ||
| 245 | 2 | |a A guy's guide to great eating | |
| 245 | 0 | |c Don Mauer | |
| 260 | |a Boston | ||
| 260 | |b Houghton Mifflin | ||
| 260 | |c 1999 | ||
| 650 | |a Cookery, american,Reducing diets | ||
| 650 | |x Recipes | ||
| 904 | |i Tuyến, Q. Hieu | ||
| 980 | |a Trung tâm Học liệu Trường Đại học Cần Thơ | ||